00352nam a2200157Ia 4500008004000000041000800040082001200048100001300060245002900073260004700102650000900149650000800158650000800166650001000174650001000184210210b1947 xxu||||| |||| 00| 0 eng d aeng a829/379 aERTZ (S) aTwo names upon the shore aLondonbHodder and Stoughton Limitedc1947 aupon aTwo athe ashore anames